Quĩ hưu bổng [ của Việt Nam Cộng Hòa ]

Guardat en:
Dades bibliogràfiques
Autor principal: Huỳnh Văn Tâm
Format: Llibre
Idioma:Undetermined
Publicat: Sài Gòn Học viện Quốc Gia Hành Chánh 1969
Matèries:
Etiquetes: Afegir etiqueta
Sense etiquetes, Sigues el primer a etiquetar aquest registre!
Thư viện lưu trữ: Trung tâm Học liệu Trường Đại học Cần Thơ
LEADER 00642nam a2200181Ia 4500
001 CTU_26424
008 210402s9999 xx 000 0 und d
082 |a 332 
082 |b T120 
100 |a Huỳnh Văn Tâm 
245 0 |a Quĩ hưu bổng [ của Việt Nam Cộng Hòa ] 
245 0 |c Huỳnh Văn Tâm 
260 |a Sài Gòn 
260 |b Học viện Quốc Gia Hành Chánh 
260 |c 1969 
650 |a social security,civil service - pensions,retirement income,retirement pensions,social problems 
904 |i Nguyễn Quang Điền, 981013 
980 |a Trung tâm Học liệu Trường Đại học Cần Thơ